Bituminous materials in road construction (Record no. 84693)

MARC details
000 -LEADER
fixed length control field 00632nam a2200145 a 4500
008 - FIXED-LENGTH DATA ELEMENTS--GENERAL INFORMATION
fixed length control field 120416s0000 ||||||||||||||||| || u
020 ## - INTERNATIONAL STANDARD BOOK NUMBER
International Standard Book Number 0115500774
050 ## - LIBRARY OF CONGRESS CALL NUMBER
Classification number TE 221 Gre
245 00 - TITLE STATEMENT
Title Bituminous materials in road construction
260 ## - PUBLICATION, DISTRIBUTION, ETC.
Place of publication, distribution, etc. London
Name of publisher, distributor, etc. H. M. S. O
Date of publication, distribution, etc. 1962
300 ## - PHYSICAL DESCRIPTION
Extent xxiv, 611p. : ill.
350 ## -
-- 0.00
995 ## -
-- ANNEX COLLECTION (Main Library)
-- 0.00
-- 716114
-- CBU-MAIN LIBRARY (Kitwe)
-- 2
-- 2.20
-- TE 221 Gre
-- AVAILABLE
-- 014930
-- Annex Low-Usage Collection
995 ## -
-- MAIN LIBRARY OPEN ACCESS
-- 0.00
-- 014931
-- CBU-MAIN LIBRARY (Kitwe)
-- 1
-- 2.20
-- TE 221 Gre
-- AVAILABLE
-- 014931
-- Main Library Open Access Collection
999 ## -
-- 84693
-- 84693

No items available.